| 000 | 00351nam a2200121Ia 4500 | ||
|---|---|---|---|
| 008 | 180117s9999 xx 000 0 und d | ||
| 100 | _aby Ana Valenzuela | ||
| 245 | _aGoing Indie | ||
| 260 | _c2017 | ||
| 300 | _a14-16 pages, 2017 January 22 | ||
| 440 | _aPhilippine Panorama | ||
| 650 | _aWHY AND HOW I MANAGED TO PUBLISH A BOOK IN LESS THAN A MONTH | ||
| 999 |
_c353634 _d353634 |
||